Ancient Greek and Roman coins.

محفوظ في:

مؤلف مشترك: Numismatic Fine Arts, Los Angeles.

التنسيق: كتاب

اللغة: English

منشور في: New York : Numismatic fine Arts, 1991.

الموضوعات:

الوسوم: إضافة وسم

لا توجد وسوم, كن أول من يضع وسما على هذه التسجيلة!

رقم الطلب: CJ219 .N85 1991

LEADER 00687nam a2200229Ia 4500
003 OSt
005 20251105124320.0
008 211223s1991 nyu c 000 0 eng d
040 |c ARCE Library 
050 4 |a CJ219 .N85 1991 
110 2 |a Numismatic Fine Arts, Los Angeles. 
245 1 0 |a Ancient Greek and Roman coins. 
264 1 |a New York :   |b Numismatic fine Arts,   |c 1991. 
300 |a 1 volume (unpaged) :   |b ill. ;   |c 23 cm. 
500 |a Sale code : XXVII. 
500 |a Dates of sale : December 04, 1991 through December 05, 1991. 
518 |a Place of sale : New York. 
650 0 |a Greek coins. 
650 0 |a Roman coins. 
901 |a reviewed 
942 |2 lcc  |c BK 
999 |c 41216  |d 41216